| Поле | Инд. | ПП | Название | Значение |
|---|---|---|---|---|
| Тип записи | a | |||
| Библиографический уровень | a | |||
| 001 | Контрольный номер | e139b15e4dc543a8b1437268d4c450ec | ||
| 005 | Дата корректировки | 20190214122016.0 | ||
| 100 | a | Данные общей обработки | 20190214 ||| 0rusy0189 ca | |
| 101 | 0_ | a | Язык текста | rus |
| 102 | a | Страна публикации | RU | |
| 200 | 1_ | f | Первые сведения об ответственности | П.П. Згонников |
| a | Заглавие | Государство как участник гражданско-правовых отношений | ||
| b | Общее обозначение материала | Текст | ||
| 210 | 1_ | d | Дата издания | 2019 |
| 461 | _0 | 1 | 2000 | |
| a | Российская юстиция | |||
| 463 | _0 | 1 | 2000 | |
| a | № 1 | |||
| v | С. 2-6 | |||
| 1 | 2101 | |||
| d | 2019 | |||
| 1 | 00189e17695240e4c688caf901a88e6839f | |||
| 606 | a | Основная рубрика | Гражданское и торговое право | |
| 610 | 0_ | a | Ключевые слова | РГУП |
| a | Ключевые слова | ГРАЖДАНСКИЕ ПРАВООТНОШЕНИЯ | ||
| a | Ключевые слова | ГОСУДАРСТВО | ||
| a | Ключевые слова | ГОСУДАРСТВЕННОЕ РЕГУЛИРОВАНИЕ | ||
| a | Ключевые слова | ПРАВОСПОСОБНОСТЬ | ||
| 700 | _1 | a | Фамилия | Згонников |
| b | Имя | П.П. | ||
| 801 | _0 | a | Страна | RU |
| b | Организация | РГУП | ||
| c | Дата составления | 20190214 | ||
| g | Правила каталогизации | PSBO | ||
| 801 | _1 | a | Страна | RU |
| b | Организация | РГУП | ||
| c | Дата составления | 20190214 | ||
| g | Правила каталогизации | PSBO | ||
| 901 | t | Тип документа | b | |
| w | Контрольный № источника | 89e17695240e4c688caf901a88e6839f | ||
| 905 | a | Дата ввода | 20190214 |